Normal view
MARC view
- جامعة الشارقة،ندوة دور المؤسسات المصرفية الإسلامية في الإستثمار والتنمية
Entry Personal Name
001 - CONTROL NUMBER
- control field: 56417
003 - CONTROL NUMBER IDENTIFIER
- control field: JO-AjAnu
005 - DATE AND TIME OF LATEST TRANSACTION
- control field: 20230606083239.0
008 - FIXED-LENGTH DATA ELEMENTS
- fixed length control field: 230606|| aca||aabn | a|a d
040 ## - CATALOGING SOURCE
- Original cataloging agency: JO-AjAnu
- Transcribing agency: JO-AjAnu
100 ## - HEADING--PERSONAL NAME
- Personal name: جامعة الشارقة،ندوة دور المؤسسات المصرفية الإسلامية في الإستثمار والتنمية
670 ## - SOURCE DATA FOUND
- Source citation: Work cat.: (JO-AjAnu)28789: جامعة الشارقة،ندوة دور المؤسسات المصرفية الإسلامية في الإستثمار والتنمية, author, كتاب الوقائع: دور المؤسسات المصرفية الإسلامية في الإستثمار والتنمية، ج1